Estampas de la tierra de Ávila : (Registro nro. 177813)

Detalles MARC
000 -LEADER
campo de control de longitud fija 01465nam a22003015i 4500
001 - NÚMERO DE CONTROL
campo de control 177813
003 - IDENTIFICADOR DE NÚMERO DE CONTROL
campo de control ES-MaACL
005 - FECHA Y HORA DE LA ÚLTIMA TRANSACCIÓN
campo de control 20230906220423.0
008 - DATOS DE LONGITUD FIJA--INFORMACIÓN GENERAL
campo de control de longitud fija 110428s2004 sp o |||| |dspa d
017 ## - NÚMERO DE COPYRIGHT O DE DEPÓSITO LEGAL
Número de copyright o de depósito legal S.1.723-2003
020 ## - NÚMERO INTERNACIONAL ESTÁNDAR DEL LIBRO
Número Internacional Estándar del Libro 8460796310
080 ## - NÚMERO DE LA CLASIFICACIÓN DECIMAL UNIVERSAL
Número de la Clasificación Decimal Universal 913(460.189)(0:77)
080 ## - NÚMERO DE LA CLASIFICACIÓN DECIMAL UNIVERSAL
Número de la Clasificación Decimal Universal 77 Sanchidrián Gallego, Jesús María José
100 1# - ENTRADA PRINCIPAL--NOMBRE DE PERSONA
Nombre de persona Sanchidrián Gallego, Jesús María José.
9 (RLIN) 103003
245 10 - MENCIÓN DEL TÍTULO
Título Estampas de la tierra de Ávila :
Resto del título fotografías de un vivir diario (1987-2003) : el trabajo de la tierra, los molinos del Adaja, el trato de los animales, tipos, artes y oficios, celebraciones festivas, deportes populares, atracciones, taurinos, mozos y quintos, cómicos y comediantes /
Mención de responsabilidad, etc. Jesús Mª J. Sanchidrián Gallego ; prólogo de José Jiménez Lozano.
250 ## - MENCION DE EDICION
Mención de edición 1ª ed.
260 ## - PUBLICACIÓN, DISTRIBUCIÓN, ETC.
Lugar de publicación, distribución, etc. Mingorría (Ávila) :
Nombre del editor, distribuidor, etc. Piedra Caballera, revista cultural,
Fecha de publicación, distribución, etc. 2004.
300 ## - DESCRIPCIÓN FÍSICA
Extensión 141 p. :
Otras características físicas principalmente il. col. , fot. ;
Dimensiones 29 cm.
600 14 - PUNTO DE ACCESO ADICIONAL DE MATERIA--NOMBRE DE PERSONA
Nombre de persona Sanchidrián Gallego, Jesús María José.
9 (RLIN) 103003
651 #4 - PUNTO DE ACCESO ADICIONAL DE MATERIA--NOMBRE GEOGRÁFICO
Nombre geográfico Ávila (Provincia)-
Subdivisión de forma Obras ilustradas.
9 (RLIN) 174073
651 #4 - PUNTO DE ACCESO ADICIONAL DE MATERIA--NOMBRE GEOGRÁFICO
Nombre geográfico Ávila (Provincia)-
Subdivisión general Usos y costumbres.
9 (RLIN) 174076
700 1# - ENTRADA AGREGADA--NOMBRE PERSONAL
Nombre de persona Jiménez Lozano, José.
9 (RLIN) 66552
852 4# - LOCALIZACIÓN
Ubicación ES-MaACL
itemnumber R.145556
Número de control de estantería A-11103
Signatura antigua Olim:N-4108
Nota libre Donación del Autor
Ubicación en estantería Depósito 1
903 ## - NOMBRE PERSONAL DE DONANTE
a Sanchidrián Gallego, Jesús María José
e Donante
9 103003
942 ## - ELEMENTOS DE ENTRADA SECUNDARIOS (KOHA)
Fuente del sistema de clasificación o colocación Clasificación decimal universal
Tipo de ítem Koha Libro impreso
Existencias
Estatus retirado Estado de pérdida Fuente del sistema de clasificación o colocación Estado de daño No para préstamo Biblioteca de origen Biblioteca actual Ubicación en estantería Fecha de adquisición Fuente de adquisición Total de préstamos Signatura topográfica completa Código de barras Visto por última vez Precio de reemplazo Tipo de ítem Koha
    Clasificación decimal universal     Biblioteca del Ateneo de Madrid Biblioteca del Ateneo de Madrid Depósito 1 28/04/2011 Donación   A-11103 1186797 23/02/2023 23/02/2023 Libro impreso